Age of optimism / (Record no. 136321)
[ view plain ]
| 000 -LEADER | |
|---|---|
| fixed length control field | 00636nam a22002177a 4500 |
| 010 ## - LIBRARY OF CONGRESS CONTROL NUMBER | |
| LC control number | A-248439 |
| 020 ## - INTERNATIONAL STANDARD BOOK NUMBER | |
| International Standard Book Number | 088250728 |
| 035 ## - SYSTEM CONTROL NUMBER | |
| System control number | A-248439 |
| 037 ## - SOURCE OF ACQUISITION | |
| Source of stock number/acquisition | Cen Lib / Ret |
| 040 ## - CATALOGING SOURCE | |
| Original cataloging agency | DPL |
| Language of cataloging | En |
| 082 ## - DEWEY DECIMAL CLASSIFICATION NUMBER | |
| Classification number | 900 |
| Item number | MIL |
| 245 ## - TITLE STATEMENT | |
| Title | Age of optimism / |
| Statement of responsibility, etc | edited by Alan Palmer |
| 260 ## - PUBLICATION, DISTRIBUTION, ETC. (IMPRINT) | |
| Place of publication, distribution, etc | New York |
| Name of publisher, distributor, etc | Newsweek Books |
| Date of publication, distribution, etc | 1974 |
| 270 ## - ADDRESS | |
| Address | Newsweek Books |
| City | New York |
| 300 ## - PHYSICAL DESCRIPTION | |
| Extent | 159p ; |
| Dimensions | 32cm(Hb) |
| 490 ## - SERIES STATEMENT | |
| Series statement | Milestones of history., New series |
| Volume number/sequential designation | 8 |
| 650 ## - SUBJECT ADDED ENTRY--TOPICAL TERM | |
| Topical term or geographic name as entry element | History, Modern -- 19th century. |
| 9 (RLIN) | 94996 |
| 650 ## - SUBJECT ADDED ENTRY--TOPICAL TERM | |
| Topical term or geographic name as entry element | History, Modern. |
| 9 (RLIN) | 23231 |
| 700 ## - ADDED ENTRY--PERSONAL NAME | |
| Personal name | Palmer, Aland |
| 9 (RLIN) | 142127 |
| 942 ## - ADDED ENTRY ELEMENTS (KOHA) | |
| Source of classification or shelving scheme | Dewey Decimal Classification |
| Koha item type | English Books |
| Classification part | 900 |
| Call number suffix | MIL |
| Withdrawn status | Lost status | Damaged status | Not for loan | Home library | Current library | Date acquired | Source of acquisition | Total Checkouts | Full call number | Barcode | Date last seen | Copy number | Price effective from | Koha item type |
|---|---|---|---|---|---|---|---|---|---|---|---|---|---|---|
| Central Library | Central Library | 23/03/2016 | Cen Lib/Ret | 900 MIL | A-248439 | 23/03/2016 | 1 | 23/03/2016 | English Books |
